[Event "Oslo op"]
[Site "Fornebu"]
[Date "2017.10.06"]
[Round "9"]
[White "Bentsen, Morten"]
[Black "Ski, Jonathan K"]
[Result "0-1"]
[WhiteElo "1292"]
[BlackElo "1848"]
[PlyCount "70"]
[EventDate "2017.09.29"]
[EventType "swiss"]
[EventRounds "10"]
[EventCountry "NOR"]
[SourceTitle "CBM 181 Extra"]
[Source "ChessBase"]
[SourceDate "2017.12.12"]
[SourceVersion "1"]
[SourceVersionDate "2017.12.12"]
[SourceQuality "1"]

1. d4 d5 2. Nf3 Nf6 3. c4 c6 4. Bg5 e6 5. a3 h6 6. Bf4 dxc4 7. Nc3 Nd5 8. Bg3 Qa5 9. Qc1 b5 10. e4 Nxc3 11. bxc3 Nd7 12. Be2 Be7 13. 0-0 0-0 14. Rd1 Nf6 15. Nd2 Bb7 16. f3 Nh5 17. Bf2 Qc7 18. e5 Nf4 19. Bf1 c5 20. Ne4 Bxe4 21. fxe4 Ng6 22. Ra2 cxd4 23. cxd4 Rfc8 24. Qc3 a5 25. Rb2 b4 26. axb4 axb4 27. Qc2 Ra3 28. Be1 c3 29. Rb3 Rxb3 30. Qxb3 Ra8 31. Bd3 Nf4 32. Bc2 Ra3 33. Qb1 Qc4 34. Bd2 Qxd4+ 35. Kf1 cxd2 0-1

[Event "Oslo op"]
[Site "Fornebu"]
[Date "2017.10.02"]
[Round "5"]
[White "Bentsen, Morten"]
[Black "Tenold, Andreas"]
[Result "0-1"]
[WhiteElo "1292"]
[BlackElo "1625"]
[PlyCount "90"]
[EventDate "2017.09.29"]
[EventType "swiss"]
[EventRounds "10"]
[EventCountry "NOR"]
[SourceTitle "CBM 181 Extra"]
[Source "ChessBase"]
[SourceDate "2017.12.12"]
[SourceVersion "1"]
[SourceVersionDate "2017.12.12"]
[SourceQuality "1"]

1. d4 d5 2. c4 e6 3. Nf3 Nf6 4. e3 c5 5. Nc3 Nc6 6. a3 b6 7. cxd5 exd5 8. Bb5 Bd7 9. Qa4 Qc7 10. 0-0 a6 11. e4 dxe4 12. Re1 Be7 13. Nxe4 0-0 14. Bxc6 Bxc6 15. Nxf6+ Bxf6 16. Qb3 cxd4 17. g3 Qb7 18. Kg2 Rad8 19. Bd2 d3 20. Re3 Bg5 21. Rxd3 Rxd3 22. Qxd3 Bxd2 23. Qxd2 Bxf3+ 24. Kg1 Qe4 25. Rc1 Qf5 26. Qc3 h6 27. h4 Rd8 28. Qb3 Rd3 29. Qc4 Qd7 30. Kh2 Rd2 31. Qf1 Qd4 32. Kg1 Rd1 33. Kh2 Qd3 34. Rxd1 Qxd1 35. Kg1 Qxf1+ 36. Kxf1 f5 37. Ke1 Kf7 38. Kd2 g5 39. hxg5 hxg5 40. Ke3 g4 41. Kd4 Ke6 42. b4 Kd6 43. Kc4 b5+ 44. Kd4 Be4 45. Ke3 Kd5 0-1